Los árboles mueren de pié : (Registro nro. 18249)
[ vista simple ]
| 000 -CABECERA | |
|---|---|
| campo de control de longitud fija | 00670cam a2200193 a 4500 |
| 001 - NÚMERO DE CONTROL | |
| campo de control | 000018729 |
| 005 - FECHA Y HORA DE LA ÚLTIMA TRANSACCIÓN | |
| campo de control | 20200929165840.0 |
| 008 - DATOS DE LONGITUD FIJA--INFORMACIÓN GENERAL | |
| campo de control de longitud fija | 780920t19741971sp 000 d spa |
| 040 ## - FUENTE DE LA CATALOGACIÓN | |
| Centro catalogador/agencia de origen | DO-SdBNP |
| Lengua de catalogación | spa |
| Centro/agencia transcriptor | DLC |
| Centro/agencia modificador | BNPHU |
| 082 ## - NÚMERO DE LA CLASIFICACIÓN DECIMAL DEWEY | |
| Número de clasificación | 862.6 |
| 100 1# - ENTRADA PRINCIPAL--NOMBRE DE PERSONA | |
| Nombre de persona | Casona, Alejandro, |
| Fechas asociadas al nombre | 1903-1965. |
| 9 (RLIN) | 15037 |
| 245 14 - MENCIÓN DE TÍTULO | |
| Título | Los árboles mueren de pié : |
| Resto del título | comedia en tres actos, el tercero dividido en dos cuadros / |
| Mención de responsabilidad, etc. | original de Alejandro Casona. |
| 260 ## - PUBLICACIÓN, DISTRIBUCIÓN, ETC. | |
| Lugar de publicación, distribución, etc. | Madrid, (España) : |
| Nombre del editor, distribuidor, etc. | Escelicer, |
| Fecha de publicación, distribución, etc. | [1974?] c1971. |
| 300 ## - DESCRIPCIÓN FÍSICA | |
| Extensión | 103 p. ; |
| Dimensiones | 16 cm. |
| 490 0# - MENCIÓN DE SERIE | |
| Mención de serie | Colección Teatro |
| 650 #4 - PUNTO DE ACCESO ADICIONAL DE MATERIA--TÉRMINO DE MATERIA | |
| Término de materia o nombre geográfico como elemento de entrada | Teatro español |
| 9 (RLIN) | 3071 |
| 650 #4 - PUNTO DE ACCESO ADICIONAL DE MATERIA--TÉRMINO DE MATERIA | |
| Término de materia o nombre geográfico como elemento de entrada | Literatura española |
| 9 (RLIN) | 632 |
| 910 ## - DATOS DE OPCIÓN DEL USUARIO (OCLC) | |
| Datos de opción del usuario | Catalogación derivada / LC |
| Estado de retiro | Estado de pérdida | Restricciones de uso | No para préstamo | Código de colección | Localización permanente | Ubicación/localización actual | Ubicación en estantería | Fecha de adquisición | Número de inventario | Total de préstamos | Signatura topográfica completa | Código de barras | Fecha visto por última vez | Precio válido a partir de | Tipo de ítem Koha |
|---|---|---|---|---|---|---|---|---|---|---|---|---|---|---|---|
| Monografías: Libros y Folletos | General | General | En catalogación | 14.05.2010 | LF1 | 862.6 | 18729-10 | 25.06.2020 | 25.06.2020 | Préstamo en sala |
